[Event "Ruhrgebiet Bezirksliga 17/18"]
[Site "Ruhrgebiet"]
[Date "2017.10.15"]
[Round "3.8"]
[White "Schlie, Felix"]
[Black "Stawinoga, Pascal"]
[Result "1-0"]
[WhiteElo "1238"]
[BlackElo "1445"]
[PlyCount "57"]
[EventDate "2017.09.03"]
[EventType "team-tourn"]
[EventRounds "9"]
[EventCountry "GER"]
[SourceTitle "EXT 2022"]
[Source "ChessBase"]
[SourceDate "2021.10.06"]
[SourceVersion "1"]
[SourceVersionDate "2021.10.06"]
[SourceQuality "1"]
[WhiteTeam "Kamen SV III"]
[BlackTeam "Unna SV II"]
[WhiteTeamCountry "GER"]
[BlackTeamCountry "GER"]

1. e4 c5 2. Nf3 d6 3. d4 cxd4 4. Nxd4 Nf6 5. Nc3 a6 6. Bc4 e6 7. a4 Be7 8. 0-0 0-0 9. f4 Nc6 10. e5 dxe5 11. Nxc6 Qb6+ 12. Kh1 Qxc6 13. fxe5 Nd7 14. Bd3 Nxe5 15. Bf4 Nxd3 16. Qxd3 Rd8 17. Qg3 Bf6 18. Bc7 Bxc3 19. Bxd8 Bxb2 20. Qf4 Qe8 21. Rab1 e5 22. Qg5 Bd4 23. Bf6 g6 24. Rbd1 b5 25. c3 Bb6 26. Bxe5 Be6 27. Qf6 Kf8 28. Qg7+ Ke7 29. Bf6# 1-0